Geography Quiz

Random Geography or World Quiz

Best Countries To Live In? Quiz Stats

 Plays Quiz Updated Sep 2, 2018

Also try: Most Likely To...
Challenge
Share
Tweet
Embed
Score 0/100 Timer 05:00
1 Play Today
% Correct
Germany
98.8%
Kuwait
98.2%
Australia
95.1%
Singapore
94.8%
Singapore
94.8%
Taiwan
94.7%
France
94.7%
Israel
94.7%
South Korea
94.5%
Luxembourg
94.4%
Canada
94.4%
Iceland
94.2%
New Zealand
94.2%
Slovenia
93.8%
Canada
93.7%
Norway
93.7%
Austria
93.5%
Rwanda
93.3%
San Marino
93.3%
Finland
91.9%
Japan
91.5%
Norway
91.5%
Norway
91.5%
Norway
91.5%
Netherlands
91.4%
Iceland
91.2%
Luxembourg
91.2%
Luxembourg
90.9%
Brunei
90.8%
Italy
90.7%
Switzerland
90.7%
Oman
90.4%
Ireland
90.2%
Finland
89.3%
% Correct
Finland
89.3%
Singapore
88.9%
Czechia
88.8%
Denmark
88.8%
Australia
88.7%
South Korea
88.6%
Ireland
88.6%
Andorra
88.4%
Canada
87.4%
Denmark
87.3%
Ireland
87.2%
United Arab Emirates
87%
Switzerland
86.9%
Philippines
86.6%
Sweden
86.1%
United Kingdom
86.1%
Portugal
85.9%
Slovenia
85.2%
Finland
79.6%
Denmark
79.6%
Denmark
79.6%
New Zealand
79.5%
Nicaragua
78.6%
Switzerland
78.5%
Switzerland
78.5%
Switzerland
78.5%
China
78.5%
Austria
77%
Japan
76.7%
Canada
76.7%
Sweden
75.9%
Netherlands
75.7%
Norway
74.8%
Iceland
74.7%
% Correct
Iceland
74.7%
Iceland
74.7%
China
70.8%
Sweden
70.7%
Estonia
70.4%
Japan
70%
Monaco
69.8%
South Korea
65.5%
Luxembourg
65.4%
Monaco
65.4%
Iceland
57.9%
Ireland
57.8%
Liechtenstein
57.7%
Andorra
55.2%
Singapore
55.2%
Norway
53%
Japan
52.3%
San Marino
51.9%
Denmark
50.9%
Japan
50.6%
Spain
50.5%
Iceland
50.4%
Singapore
50.2%
Qatar
41%
Singapore
41%
France
40.2%
Ireland
36.4%
Austria
25.6%
United Kingdom
23.5%
Ireland
23.4%
Ireland
22.7%
New Zealand
6.2%

You're not logged in!

Compare scores with friends on all Sporcle quizzes.
Join for Free
OR
Log In

You Might Also Like...

Show Comments

Extras

Top Quizzes Today


Score Distribution

Your Account Isn't Verified!

In order to create a playlist on Sporcle, you need to verify the email address you used during registration. Go to your Sporcle Settings to finish the process.

Report this User

Report this user for behavior that violates our Community Guidelines.

Details: